000 00761nam a2200217 i 4500
001 38126
003 ES-MaACL
005 20230913171738.0
007 t|
008 030224s1904 sp ||||1| spa d
080 _a728.1.035
100 1 _aCabello y Lapiedra, Luis María.
_933183
245 1 0 _aHabitaciones económicas
_b: consideraciones relativas a este importante asunto /
_cdedicado al Congreso Internacional por Luis Mª Cabello y Lapiedra.
260 _aMadrid :
_b[s.n.],
_c1904 (
_fM. Romero)
300 _a36 p. ;
_c26 cm.
650 4 _aViviendas de protección oficial.
_9149608
711 2 _aCongreso Internacional de Arquitectos (
_n6º.
_d1904.
_cMadrid)
_9410
852 4 _aES-MaACL
_jT-1030-F-4
942 _2udc
999 _c38126
_d38126